Urban parks, open space and residential property values (Record no. 107416)

MARC details
000 -LEADER
fixed length control field 01342cad a22002295a 4500
001 - CONTROL NUMBER
control field L140081
008 - FIXED-LENGTH DATA ELEMENTS--GENERAL INFORMATION
fixed length control field 070904e20070718xxk f s 000 0 eng d
035 ## - SYSTEM CONTROL NUMBER
System control number (Sirsi) u140081
041 0# - LANGUAGE CODE
Language code of text/sound track or separate title eng
050 04 - LIBRARY OF CONGRESS CALL NUMBER
Classification number 306.1 $2 18
100 1# - MAIN ENTRY--PERSONAL NAME
Personal name Dunse, Neil A.
245 00 - TITLE STATEMENT
Title Urban parks, open space and residential property values
Medium [electronic resource]
260 ## - PUBLICATION, DISTRIBUTION, ETC.
Place of publication, distribution, etc. London
Name of publisher, distributor, etc. RICS
Date of publication, distribution, etc. 2007
490 #0 - SERIES STATEMENT
Series statement RICS Findings in Built and Rural Environments
Volume/sequential designation July 2007
520 ## - SUMMARY, ETC.
Summary, etc. Examines the effect that urban parks have on residential property prices. This study uses Aberdeen as an example as an example. It seeks to provide evidence that residents do see value in urban green spaces, and that they are prepared to pay a premium for proximity to such places. Finds that the a premium is paid across all residence types. However while flats attract a high premium, the effect upon house prices is negative. This may be due to anti-social behaviour sometimes associated with such areas.
590 ## - LOCAL NOTE (RLIN)
Local note KA
651 #4 - SUBJECT ADDED ENTRY--GEOGRAPHIC NAME
Geographic name United Kingdom
Chronological subdivision
690 ## - LOCAL SUBJECT ADDED ENTRY--TOPICAL TERM (OCLC, RLIN)
Topical term or geographic name as entry element RICS SERVICES-RICS ECONOMICS AND RESEARCH-RICS EDUCATION TRUST
690 ## - LOCAL SUBJECT ADDED ENTRY--TOPICAL TERM (OCLC, RLIN)
Topical term or geographic name as entry element PROPERTY-RESIDENTIAL PROPERTY-DOMESTIC RESIDENTIAL PROPERTY
856 40 - ELECTRONIC LOCATION AND ACCESS
Uniform Resource Identifier <a href="https://www.jrbp.missouristate.edu/rippleeffect/pdf/UrbanParksOpenSpaceandResidentialPropertyValues.pdf">https://www.jrbp.missouristate.edu/rippleeffect/pdf/UrbanParksOpenSpaceandResidentialPropertyValues.pdf</a>
Public note Broken link - not available
942 ## - ADDED ENTRY ELEMENTS (KOHA)
Suppress in OPAC 0
Holdings
Withdrawn status Lost status Source of classification or shelving scheme Damaged status Not for loan Home library Current library Shelving location Date acquired Total Checkouts Full call number Barcode Date last seen Copy number Price effective from Koha item type
    Dewey Decimal Classification     Virtual Virtual Online 04/09/2007   ONLINE PUBLICATION 140081-1001 06/08/2019 1 06/08/2019 Book